Statistics for Noun Wars

Click here to take the quiz!

General Stats

  • This quiz has been taken 26 times
  • The average score is 5 of 10

Answer Stats

BelligerentsBelligerentsDateWar% Correct
House of Lancaster (UK)House of York (UK)1455-1487War of the Roses
92%
Soviet UnionFinland1939-1940Winter War
84%
United KingdomChina1839-1842, 1856-1860Opium Wars
76%
United KingdomSouth African Republic, Orange Free State1880-1881, 1899-1902Boer Wars
68%
United KingdomUnited States1812-1815War of 1812
64%
El SalvadorHonduras1969Football War / Soccer War
52%
SpainPortugal1801War of the Oranges
32%
United KingdomSpain1739-1748War of Jenkin's Ear
28%
ChilePeru, Bolivia1879-1883Saltpeter War / War of the Pacific
24%
FranceMexico1838-1839Pastry War
0%

Score Distribution

Percentile by Number Answered

Percent of People with Each Score

Your Score History

You have not taken this quiz